Мировой экономический кризис 2008; Научная инициатива иностранных студентов и аспирантов российских вузов

Manylion Llyfryddiaeth
Parent link:Научная инициатива иностранных студентов и аспирантов российских вузов.— 2009.— С. 341-345
Prif Awdur: Нгуен Мань Куонг
Awduron Eraill: Резчикова Л. И. (научный руководитель), Егорова М. С. Мария Сергеевна
Iaith:Rwseg
Cyhoeddwyd: 2009
Pynciau:
Fformat: MixedMaterials Pennod Llyfr
KOHA link:https://koha.lib.tpu.ru/cgi-bin/koha/opac-detail.pl?biblionumber=174408

MARC

LEADER 00000naa2a2200000 4500
001 174408
005 20231031164655.0
035 |a (RuTPU)RU\TPU\book\189134 
090 |a 174408 
100 |a 20100127d2009 k y0rusy50 ca 
101 0 |a rus 
102 |a RU 
200 1 |a Мировой экономический кризис 2008  |f Нгуен Мань Куонг  |g науч. рук. Л. И. Резчикова ; науч. рук. М. С. Егорова 
320 |a Библиогр.: 5 назв. 
463 0 |0 (RuTPU)RU\TPU\book\182746  |t Научная инициатива иностранных студентов и аспирантов российских вузов  |o II Всероссийская научно-практическая конференция, Томск, 21-22 мая 2009 г.   |o сборник докладов  |f Ассоциация иностранных студентов в России (АИС); Томский политехнический университет (ТПУ), Институт международного образования и языковой коммуникации (ИМОиЯК)  |v С. 341-345  |d 2009  |p 565 с. 
610 1 |a кризисы 
610 1 |a экономические кризисы 
610 1 |a цены 
610 1 |a автомобили 
610 1 |a розничные продажи 
610 1 |a ликвидность 
610 1 |a золотовалютные резервы 
610 1 |a энергоносители 
610 1 |a зарплата 
610 1 |a труды учёных ТПУ 
700 0 |a Нгуен Мань Куонг 
702 1 |a Резчикова  |b Л. И.  |4 727 
702 1 |a Егорова  |b М. С.  |c экономист  |c ассистент кафедры Томского политехнического университета  |f 1982-  |g Мария Сергеевна  |2 stltpush  |4 727 
801 1 |a RU  |b 63413507  |c 20100127 
801 2 |a RU  |b 63413507  |c 20151117  |g RCR 
942 |c BK